000 00359nam a2200133Ia 4500
008 151001s9999||||xx |||||||||||||| ||und||
100 _aराजेंद्र निरोश
245 _aखेलो इंडिया खेला
250 _a1
260 _bएच.के.बुक
260 _c2008
300 _a104
365 _b21
999 _c989825
_d989822